000 00852nab a2200253 u 4500
001 20117
003 HDC
007 cr bn ---aaaaa
008 210304c |r|noo 0 a d
040 _aHDC
100 _aDiko Oktara,
_eauthor
_918289
245 0 _aKADIN, HDC HOLD E-HALAL FORUM TO BOOST HALAL PRODUCT DEVELOPMENT /
_cby Diko Oktara
260 _a[No place] :
_b[publisher not identified],
_c2016
336 _atext
_2rdacontent
337 _acomputer
_2rdamedia
338 _aonline resource
_2rdacarrier
650 _aHalal industry
_9144
650 _aHalal product
_948
710 _aTEMPO.CO
856 _zRequest full-text at [email protected]
942 _2lcc
942 _cNEWS
942 _kNWSO 009919
999 _c17433
_d17433